| 000 | 00624nam a2200241Ia 4500 | ||
|---|---|---|---|
| 003 | OSt | ||
| 005 | 20221005083151.0 | ||
| 006 | a|||||r|||| 00| 0 | ||
| 007 | ta | ||
| 008 | 221004b |||||||| |||| 00| 0 eng d | ||
| 024 | _a29689 | ||
| 037 | _cTextual | ||
| 040 |
_aCRL _cCRL _beng |
||
| 041 |
_2eng _aeng |
||
| 082 | _aK9954.2, N3 RR | ||
| 100 |
_aPye Smith Charlie _9293677 |
||
| 245 | 0 | _aIn search of wild India | |
| 260 |
_aNew Delhi _bUBSPD _c1993 |
||
| 300 |
_a192p _ccm. |
||
| 650 | _aZOOLOGY | ||
| 942 |
_hK9954.2, N3 RR _cTEXL _2cc |
||
| 999 |
_c990390 _d990390 |
||